Normal view
MARC view
- RESEARCH TECHNIQUES FOR POSTGRADUATES
Entry Topical Term
001 - CONTROL NUMBER
- control field: 62966
003 - CONTROL NUMBER IDENTIFIER
- control field: NUST
005 - DATE AND TIME OF LATEST TRANSACTION
- control field: 20210628203031.0
008 - FIXED-LENGTH DATA ELEMENTS
- fixed length control field: 210628|| aca||aabn | a|a d
040 ## - CATALOGING SOURCE
- Original cataloging agency: NUST
- Transcribing agency: NUST
150 ## - HEADING--TOPICAL TERM
- Topical term or geographic name entry element: RESEARCH TECHNIQUES FOR POSTGRADUATES
670 ## - SOURCE DATA FOUND
- Source citation: Work cat.: (NUST): Greenfield, Tony 62965, Research methods for postgraduates, 2002
